00661nam a22001817a 450000500170000000800410001704100080005808200230006610000240008924500470011326000520016030000080021250000250022050000150024594200070026099900190026795201930028620250419111409.0250419b |||||||| |||| 00| 0 eng d amar a891.46bNIP B22566 aNipanekar V9211714 aSwatantryaladha: Rashtriya Kirtan V Bharud aPunebBharatiya Vichar Sadhana Prakashan c2021 a62p aMarathi Literature  aLiterature cBK c365939d365939 00102ddc4070aHIMRbHIMRd2025-03-17eBharatiya Vichar Sadhana Foundation g60.00iHO/IN/579l0o891.46 NIP B22566pHIMR-BK-22566r2025-04-19 00:00:00t30v42.00w2025-03-11yBKzB22566